<?xml version="1.0" encoding="UTF-8"?>
<record
    xmlns:xsi="http://www.w3.org/2001/XMLSchema-instance"
    xsi:schemaLocation="http://www.loc.gov/MARC21/slim http://www.loc.gov/standards/marcxml/schema/MARC21slim.xsd"
    xmlns="http://www.loc.gov/MARC21/slim">

  <leader>00822nam a2200145   4500</leader>
  <controlfield tag="008">708 C965d</controlfield>
  <datafield tag="020" ind1=" " ind2=" ">
    <subfield code="a">97895636247717</subfield>
  </datafield>
  <datafield tag="082" ind1=" " ind2=" ">
    <subfield code="a">708</subfield>
    <subfield code="b">C965d</subfield>
  </datafield>
  <datafield tag="100" ind1=" " ind2=" ">
    <subfield code="a">Cueto, Gonzalo</subfield>
    <subfield code="9">6248</subfield>
  </datafield>
  <datafield tag="245" ind1=" " ind2=" ">
    <subfield code="a">Desterritorio</subfield>
    <subfield code="b">L&#xED;neas del vac&#xED;o</subfield>
  </datafield>
  <datafield tag="260" ind1=" " ind2=" ">
    <subfield code="a">Temuco, Chile</subfield>
    <subfield code="b">Artes Visuales del Laboratorio de Arte y Cultura</subfield>
    <subfield code="c">2015</subfield>
  </datafield>
  <datafield tag="300" ind1=" " ind2=" ">
    <subfield code="a">104 p.</subfield>
    <subfield code="b">ill</subfield>
    <subfield code="c">21 x 15.5 cm</subfield>
  </datafield>
  <datafield tag="505" ind1=" " ind2=" ">
    <subfield code="t">Pr&#xF3;logo Navegaci&#xF3;n</subfield>
    <subfield code="t">Introducci&#xF3;n</subfield>
    <subfield code="t">Aproximaciones diagrama inicial</subfield>
    <subfield code="t">Informe 1 Espacios Fronterizos</subfield>
    <subfield code="t">Informe 2 Desterritorio</subfield>
    <subfield code="t">Informe 3 Niebla Luminosa</subfield>
    <subfield code="t">Desarmando Miradores</subfield>
    <subfield code="t">Fuera de Campo</subfield>
    <subfield code="t">Roce Imaginario</subfield>
    <subfield code="t">L&#xED;neas del Vac&#xED;o</subfield>
    <subfield code="t">Informe 4 Guerra en el Desierto</subfield>
    <subfield code="t">La Tierra de Gonzalo Cueto. Ramiro Villarroel</subfield>
    <subfield code="t">Apariciones en Museos</subfield>
    <subfield code="t">Agradecimientos</subfield>
  </datafield>
  <datafield tag="650" ind1=" " ind2=" ">
    <subfield code="x">Arte contempor&#xE1;neo</subfield>
    <subfield code="x">arte visual</subfield>
    <subfield code="x">arte - exhibiciones</subfield>
    <subfield code="x">arte - geograf&#xED;as</subfield>
    <subfield code="x">arte - Chile</subfield>
    <subfield code="9">6249</subfield>
  </datafield>
  <datafield tag="999" ind1=" " ind2=" ">
    <subfield code="c">1431</subfield>
    <subfield code="d">1431</subfield>
  </datafield>
  <datafield tag="952" ind1=" " ind2=" ">
    <subfield code="0">0</subfield>
    <subfield code="1">0</subfield>
    <subfield code="2">ddc</subfield>
    <subfield code="4">0</subfield>
    <subfield code="7">0</subfield>
    <subfield code="a">LV</subfield>
    <subfield code="b">LV</subfield>
    <subfield code="c">Monograf&#xED;as</subfield>
    <subfield code="d">2018-04-28</subfield>
    <subfield code="l">0</subfield>
    <subfield code="o">708 C965d</subfield>
    <subfield code="p">004575</subfield>
    <subfield code="r">2018-04-28 00:00:00</subfield>
    <subfield code="w">2018-04-28</subfield>
    <subfield code="y">01</subfield>
  </datafield>
</record>
